=LDR 00000nam 2200000 4500 =001 INLIS000000000050113 =005 20200903102650 =035 ##$$a 0010-041700000000303 =008 200903################g##########0#ind## =020 ##$$a 978-602-1351-16-1 =040 ##$$a NBPDMAT =082 ##$$a 302.1 =090 ##$$a 302.1 Amb k =100 ##$$a Ambarwati, Fitri Respati =245 1#$$a Ketrapilan Dasar Praktek Klinik /$c Fitri Respati Ambarwati =250 ##$$a cet. 1 =260 ##$$a Yogyakaarta :$b Parama Ilmu,$c 2015 =650 #4$$a Klinik =850 ##$$a NBPDMAT =084 ##$$a 302.1 AMB k =300 ##$$a xii, 235 hlm., ; $c 14 x 21 cm =990 ##$$a 21700041 =990 ##$$a 31700041 =990 ##$$a 31700041 =990 ##$$a 21700041 =990 ##$$a 21700041 =990 ##$$a 31700041